1935 1336 1926 1211 1556 1945 1487 1396 1229 1649 1374 1368 1148 1718 1278 1603 1780 1551 1763 1386 1183 1698 1035 1716 1922 1756 1315 1622 1883 1728 1285 1372 1268 1771 1686 1349 1487 1539 1140 1786 1620 1357 1667 1399 1318 1710 1456 1667 1005 1756 1594 1561 1151 1603 1355 1353 1932 1911 1689 1147 1435 1610 1939 1617 1715 1636 1478 1389 1296 1921 1381 1627 1985 1911 1846 1681 1914 1173 1567 1796 1163 1591 1629 1270 1973 1577 1465 1667 1741 1123 1635 1868 1095 1400 1832 1945 1629 1635 1515 BCNSPRNW ULIB Ver.6.0+V

เปลี่ยนเป็นภาษาไทย

Change to English
 แสดงรายละเอียดบรรณานุกรม
  กลับหน้าหลัก

Brief Record : Get Marc (ISO 2709) : E-mail record : QR code < ปิดหน้าต่าง
LEADER : 00000nam 2200000uu 4500
001    13399121028
003     ULIB
008    121030s2548||||th 000 0 tha d
020    ^a9749366850
020    ^a9789749366851
060 04 ^aWQ225^bก125ท
100 0  ^aกนกวรรณ ธราวรรณ
245 10 ^aทางเลือกของผู้หญิงที่ท้องเมื่อไม่พร้อม /^cกนกวรรณ ธราวรรณ
260    ^aกรุงเทพฯ:^bส.ค.ส.,^c2548
300    ^a245 หน้า
650  7 ^aท้องเมื่อไม่พร้อม
945    ^p380^l0^i24737
995    ^aทศพร
999    ^aทศพร เกษรทอง
รายการนี้ยังไม่มีแท็ก
คุณยังไม่ได้ล็อกอิน คุณสามารถมีกิจกรรมร่วมกับเว็บไซต์ได้ แต่ต้องล็อกอินก่อน ::
  ล็อกอิน

รายการสื่อสารสนเทศ

ลำดับที่ ประเภท เลขเรียก/บาร์โค้ด สถานที่ สถานะ
1. วิทยาศาสตร์การแพทย์ และสุขภาพ
วิทยาศาสตร์การแพทย์ และสุขภาพ
WQ225 ก125ท ฉ.1 
  Barcode: 24737
ห้องสมุดวิทยาเขตสวรรค์ประชารักษ์
►หนังสือทั่วไป
บนชั้น

รายการใกล้เคียง
    ผู้แต่ง [กนกวรรณ ธราวรรณ]

    หัวเรื่อง [ท้องเมื่อไม่พร้อม]

BibComment


ยังไม่เคยถูกคอมเมนท์

คอมเมนท์ทรัพยากรรายการนี้
  คอมเมนท์: ทางเลือกของผู้หญ..


 Copyright 2026. Bcnsprnw @Library